Statistiken für Pokemon Charaktere

Klicken Sie hier um das Quiz zu spielen!

Allgemein

  • Dieses Quiz wurde 417 mal gespielt
  • Das Durchschnittsergebnis liegt bei 7 aus 17

Antwortstatistiken

#Begleiter% Korrekt
3Rocko
95%
2Misty
94%
5Maike
66%
1Ash
63%
7Lucia
57%
6Max
51%
10Serena
43%
9Benny
37%
8Lilia
36%
11Citro
32%
15Tracy
32%
12Heureka
25%
14Kiawe
20%
13Lilly
20%
17Maho
19%
4Tracey
19%
16Chrys
11%

Verteilung der Resultate

Perzentil nach korrekt beantworteten Fragen

Anzahl Personen mit jedem Resultat

Ihre Resultats-Entwicklung

Sie haben dieses Quiz noch nicht gespielt